01968 a2200205 4500001000500000005001700005008004100022003001500063040004000078080004800118245003200166020001800198250001200216264004100228300002000269505131900289100002801608700003201636856009401668334320260407155427.0260407a1996 arg spa dAR-UNSa-BCEJYS aAR-UNSa-BCEJYSbspacAR-UNSa-BCEJYS a347.7xDerecho Mercantil. Derecho Comercial10aManual de Derecho Comercial a950-20-0960-6 a2a. ed. 1aBuenos Aires :bAbeledo Perrotc1996 a1163 p.c23 cm. a1. Concepto, evolución y ámbito - 2. Acto de comercio - 3. La empresa - 4. Propiedad industrial - 5. El comerciante - 6. Obligaciones de los comerciantes - 7. Sociedades comerciales - 8. Sociedades comerciales - 9. Clasificación de las sociedades personales o por interés.Sociedades accidentales o en participación. Sociedades de responsabilidad limitada - 10. Sociedades por acciones. Sociedades anónimas - 11. Sociedades anónimas. Órganos - 12. Sociedades en comandita por acciones .Sociedades cooperativas - 13. La sociedad de garantía recíproca - 14. Transformación de sociedades. Resolución parcial. Disolución. Liquidación - 15. Vinculaciones Societarias - 16. Contratos de colaboración empresaria y uniones transitorias - 17. Participación del estado. El ahorro público. Entidades Financieras - 18. De la representación - 19. Agentes auxiliares - 20. Bolsas de comercio - 21. Contratos comerciales - 22. Responsabilidad del comerciante-empresario - 23. Contratos regulados en el código de comerio y en el código civil - 24. Contratos comerciales regulados en el código civil - 25. Contratos regulados solo en el código de comercio - 26. Otros contratos comerciales - 27. Contratos típicamente mercantiles - 28. Seguros - 29. El derecho comercial en el Mercosur 1 aGarrone, José Alberto1 aCastro Sammartino, Mario E.41uhttps://biblioeco.unsa.edu.ar/pmb/images/libros/L70036.jpgyImagen de portadaqimage/jpeg